Statistics for Modern DayAmerican Countries Visited By Christopher Columbus

Click here to take the quiz!

General Stats

  • This quiz has been taken 53 times
  • The average score is 13 of 15

Answer Stats

YearAnswer% Correct
1492Cuba
98%
1492Bahamas
96%
1492Dominican Republic
94%
1493Dominica
92%
1492Haiti
92%
1493Antigua and Barbuda
88%
1502Jamaica
88%
1493St Kitts and Nevis
88%
1502Honduras
84%
1502Panama
84%
1498Trinidad and Tobago
82%
1498Venezuela
80%
1502Costa Rica
78%
1498Grenada
78%
1502Nicaragua
78%

Score Distribution

Percentile by Number Answered

Percent of People with Each Score

Your Score History

You have not taken this quiz